000 00650nam a2200217Ia 4500
001 dia_6636
003 CHAP
008 220117s1968 xx 000 0 und d
010 _a178869
040 _cCHAP
090 _aF 63 1968
100 _aCrispín Medina, Alfonso
_928982
245 _aEl frijol : un cultivo importante en México /
_c Alfonso Crispín Medina y Salvador Miranda Colín
260 _aMéxico :
_b S. A. G. Instituto Nacional de Investigaciones Agrícolas,
_c1968
901 _aF 63 1968
902 _aM
905 _a0000001968 MX 0000000000SPA00
942 _c12
942 _c12
999 _c178869
_d178869